| Tag |
First Indicator |
Second Indicator |
Subfields |
| LEADER |
00000cam a2200000 4500 |
| 001 |
in00000064232 |
| 005 |
20151008051751.0 |
| 008 |
720301s1966 ilu b 00000 eng u |
| 010 |
|
|
|a 66011019
|
| 035 |
|
|
|a (OCoLC)00253282
|
| 035 |
|
|
|9 AAG9860AM
|
| 040 |
|
|
|c WSU
|d TXA
|d UtOrBLW
|
| 049 |
|
|
|a TXAM
|c [460816]
|
| 050 |
|
0 |
|a HJ405
|b .A7 1966
|
| 092 |
|
|
|a 336.773
|b A634p
|
| 100 |
1 |
|
|a Anton, Thomas Julius.
|
| 245 |
1 |
4 |
|a The politics of State expenditure in Illinois /
|c [by] Thomas J. Anton.
|
| 264 |
|
1 |
|a Urbana :
|b University of Illinois Press,
|c 1966.
|
| 300 |
|
|
|a 286 pages
|
| 336 |
|
|
|a text
|b txt
|2 rdacontent
|
| 337 |
|
|
|a unmediated
|b n
|2 rdamedia
|
| 338 |
|
|
|a volume
|b nc
|2 rdacarrier
|
| 504 |
|
|
|a Bibliographical footnotes.
|
| 650 |
|
0 |
|a Finance, Public
|z Illinois.
|
| 999 |
|
|
|a MARS
|
| 999 |
f |
f |
|s 4f6f927b-f0ec-3cbd-a767-55c38f0fcc41
|i a8d4ea02-046a-37ac-943a-cbe7bdcc7d9d
|t 0
|
| 952 |
f |
f |
|p ric
|a Texas A&M University
|b Rellis Campus
|c Joint Library Facility
|d Remote Storage
|t 0
|e HJ405 .A7 1966
|h Library of Congress classification
|i unmediated -- volume
|m A14800752426
|
| 998 |
f |
f |
|a HJ405 .A7 1966
|t 0
|l Remote Storage
|